000 00960 a2200193 4500
001 54509
005 20260407155818.0
008 260407a1961 arg spa d
003 AR-UNSa-BCEJYS
040 _aAR-UNSa-BCEJYS
_bspa
_cAR-UNSa-BCEJYS
080 _a336.11
_xFinanzas públicas como estudio de la gestión financiera. Teoría, métodos de las finanzas públicas en general
245 1 0 _aFinanzas públicas y desarrollo económico
264 1 _aBuenos Aires :
_bEDIAR
_c1961
300 _a309 p.
_c20 cm.
505 _aI. PRESUPUESTOS TEÓRICOS Y METODOLÓGICOS - II. ASPECTOS DE LAS FINANZAS Y DEL DESARROLLO ECONÓMICO - III. ASPECTOS DE LAS FINANZAS Y ÁMBITO DE ACCIÓN DE LAS FINANZAS PÚBLICAS - IV. GASTOS PÚBLICOS Y DESARROLLO ECONÓMICO - V. RECURSOS PÚBLICOS Y DESARROLLO ECONÓMICO - VI. PRESUPUESTO, PLANIFICACIÓN Y DESARROLLO ECONÓMICO
942 _cBK
590 _aniveau_biblio:m niveau_hierar:0
100 1 _aTarantino, Jacinto R.
999 _c5592
_d5592